000 00562cam a22001937a 4500
001 001337
003 armpunfd
005 20140612090637.0
008 040205e0####xx#a##########000#0#und#d
040 _aarmpunfd
_carmpunfd
080 _a343.13 B 462
100 1 0 _a Bertolino, Pedro J.
245 1 0 _aEl funcionamiento del derecho procesal penal
260 _a Uenos Aires : Depalma
_b1985. Isbn : 950-14-0239-8. 242 P.
650 7 _a Derecho Procesal Penal
_2LEMB
650 7 _a Proceso Penal
_2LEMB
942 _cLB
_2cdu
945 _aCatalis
_d2010-08-19
999 _c1328
_d231832